00832 2200301 4500001002100000005001500021007000300036008004100039020002300080035002000103040001700123041000800140082000800148084001400156090002000170100002600190245008900216250001200305264004500317300003500362336002100397337003000418338002300448650001900471850001000490990001500500990001500515INLIS00000000000804620260529084642ta260529 0  a978-979-151-83-3-8 a0010-0922000535 aSBPUPADbind aind a658 a658 UBA t a658 UBA t L22-40 aAN. UbaedyePengarang1 aTemu Kembali Bakat Anda dan Optimalkan Penggunaannya /cAN. Ubaedy ; editor, AS.Bani a.-cet.3 a.--Jakarta :bBee Media Indonesia,c2013 a135 hlm :bilus. ;c20 x 13 cm 2rdacontentateks 2rdamediaatanpa perantara 2rdacarrieravolume 4aHuman Learning aPUPAD a318/B/2013 a319/B/2013